[Event "Candidates m7"]
[Site "Madras"]
[Date "1991.??.??"]
[Round "2"]
[White "Anand, Viswanathan"]
[Black "Dreev, Alexey"]
[Result "1/2-1/2"]
[WhiteElo "2635"]
[BlackElo "2625"]
[Annotator "Anand,V"]
[PlyCount "106"]
[EventDate "1991.01.??"]
[EventType "match"]
[EventRounds "6"]
[EventCountry "IND"]
[SourceTitle "Candidates"]
[Source "ChessBase"]
[SourceDate "1999.07.01"]
[SourceVersion "2"]
[SourceVersionDate "1999.07.01"]
[SourceQuality "1"]

1. e4 e6 2. d4 d5 3. Nc3 Nf6 4. Bg5 dxe4 5. Nxe4 Be7 6. Bxf6 gxf6 7. Nf3 b6 8.
Bd3 Bb7 9. Qe2 c6 10. O-O Nd7 11. Rfe1 Qc7 12. a4 (12. c3 Nf8 13. Ba6 $14)
12... a5 13. c3 Nf8 14. Qd2 Ng6 15. b4 $6 f5 $1 16. Ng3 (16. Neg5 Qf4 $17)
16... h5 $36 17. bxa5 Rxa5 18. c4 Kf8 19. Bf1 Bf6 20. Ra3 Kg7 21. Rb1 h4 {
Black seizes his chance} 22. Ne2 h3 23. g3 (23. gxh3 $1 {The extra space for
the white king and the g3-square compensate for the weak kingside}) 23... c5
$17 24. d5 exd5 25. cxd5 c4 26. Nc3 Qc5 27. Ra2 Ne7 $1 28. Rab2 $2 Nxd5 $1 29.
Rb5 Nxc3 (29... Rxb5 $1 30. Rxb5 Qa3 31. Rxd5 $1 (31. Nxd5 Qxf3 $19) 31... Qxc3
32. Qxc3 Bxc3 33. Rxf5 Rd8 $1 $40) 30. Rxc5 Nxb1 31. Qd7 Rxc5 32. Nd4 $5 (32.
Qxb7 Nc3 $1 33. Qxb6 Ne4 $17) 32... Kg6 $2 (32... Bd5 33. Nxf5+ Kg6 $19) (32...
Re8 33. Qxe8 Bxd4 34. Qd7 Bd5 35. Qxf5 Be6 36. Qxb1 Rf5 $17) 33. Qxb7 Bxd4 34.
Qxb6+ f6 (34... Kg7 35. Qd6 $3 $8) 35. Qxb1 c3 36. Bd3 c2 $2 (36... Rhc8 37.
Bc2 $13 (37. Qc2 Re8 38. Kf1 (38. Qb1 c2) 38... Rce5 39. Bxf5+ Kg7 $19)) 37.
Bxc2 Rhc8 38. Bxf5+ $1 Rxf5 39. g4 Rc1+ $8 40. Qxc1 Rxf2 41. Kh1 Be5 42. Qg1
Rg2 43. a5 $1 {After convincing myself that white has no winning chances I
decided to force a draw} (43. Qb1+ Kg7 44. a5 Rxh2+ 45. Kg1 Rg2+ 46. Kh1 Rxg4
47. a6 h2 48. a7 Rg1+ 49. Qxg1+ hxg1=R+ 50. Kxg1 Bd4+ $19 {is one unpleasant
variation}) (43. Qxg2 hxg2+ 44. Kxg2 Kg5 45. h3 Kf4 46. a5 Bb8 47. a6 Ba7 48.
Kf1 Kg3 49. Ke2 Kxh3 50. Kf3 Bb8 $1 51. a7 Bxa7 52. Kf4 Be3+ $3 $19) 43...
Rxg1+ 44. Kxg1 Kg7 45. a6 Bb8 46. Kh1 Kg8 47. Kg1 (47. g5 f5 48. g6 f4 49. g7
f3 50. a7 $10) 47... Kf8 48. Kh1 Ke8 49. g5 f5 50. g6 f4 51. g7 Kf7 52. g8=Q+
Kxg8 53. a7 Bxa7 1/2-1/2

[Event "Dortmund op-A"]
[Site "Dortmund"]
[Date "1992.??.??"]
[Round "8"]
[White "Glek, Igor Vladimirovich"]
[Black "Lputian, Smbat G"]
[Result "1/2-1/2"]
[WhiteElo "2515"]
[BlackElo "2560"]
[Annotator "Anand,V"]
[PlyCount "157"]
[EventDate "1992.04.??"]
[EventType "swiss"]
[EventRounds "11"]
[EventCountry "GER"]
[SourceTitle "CBM 029"]
[Source "ChessBase"]
[SourceDate "1992.08.01"]
[SourceVersion "1"]
[SourceVersionDate "1992.08.01"]
[SourceQuality "1"]

1. e4 e6 2. d4 d5 3. Nc3 Nf6 4. Bg5 dxe4 5. Nxe4 Be7 6. Bxf6 Bxf6 7. Nf3 O-O 8.
c3 Nd7 9. Qc2 e5 10. O-O-O exd4 11. Nxd4 Bxd4 (11... Qe7 12. h4 Nc5 13. Nxc5
Qxc5 14. Nb3 Qb6 {Short-Bareev Immopar1991}) 12. Rxd4 Qe7 13. h4 Ne5 14. Ng5 g6
15. Qe2 f6 (15... Qf6 16. Ne4 Qf4+ 17. Nd2 Qf6 18. h5 Bf5 {Short-Gurevich
VSB1988}) 16. Nf3 Bf5 17. Nxe5 fxe5 18. Rc4 Rae8 19. Qe3 c6 20. Rc5 {This rook
now proceeds to trap itself!} Kh8 21. Be2 Be4 22. f3 Bd5 23. Ra5 b6 24. Ra4 Rf4
25. Ra3 {White can hardly have aimed for this position but things work out
surprisingly well for him} Rxh4 (25... Qf7 $1 {/\e4}) 26. Rxh4 Qxh4 27. Rxa7
Qe1+ 28. Kc2 Bc4 29. Ra8 $1 {Black certainly missed this} Bd3+ 30. Kxd3 Rxa8
31. Qxe5+ Kg8 32. Kc2 $1 Qf2 (32... b5 33. Bc4+ $18) 33. Kb3 b5 34. Bxb5 $1 Qb6
(34... cxb5 35. Qd5+ Kg7 36. Qxa8 Qxg2 37. Qb7+ Kh6 38. Qxb5 $18) 35. Qe6+ Kg7
36. Qxc6 Qa5 37. Qd7+ Kh6 38. a4 Ra7 39. Qd2+ Kg7 40. Qd4+ Kh6 41. f4 Re7 42.
g4 (42. f5 $1 $18) 42... Qc7 43. Ka2 Qc8 44. Qd6 Re1 45. Qd7 $1 Qxd7 (45... Qb8
46. g5+ Kh5 47. Qh3#) 46. Bxd7 Kg7 47. a5 (47. g5 Rf1 48. a5 Rxf4 49. a6 $18)
47... Re7 48. Bc6 h5 49. gxh5 gxh5 50. a6 (50. b4 $18) 50... Ra7 51. Bb7 h4 52.
b4 h3 53. b5 h2 54. Kb3 Kf6 55. Kb4 Ke7 56. Bh1 Rd7 57. Kc5 (57. b6 Rd1 58. Be4
Re1 59. Bb7 $18) 57... Rd1 58. a7 $2 (58. Be4 Re1 59. Bb7 $18) 58... Rxh1 59.
a8=Q Rd1 $3 {Amazing! White no longer has a win} 60. Qe4+ Kd8 61. Qa8+ Ke7 62.
Qb7+ Kd8 63. Qb6+ Ke7 64. Qc7+ Kf8 65. Qb8+ Kf7 66. Qb7+ Kf6 67. Qc6+ Ke7 68.
Qc7+ Kf8 69. Qb8+ Kf7 70. Qb7+ Kf6 71. c4 (71. b6 h1=Q 72. Qxh1 Rxh1 73. b7 Rb1
74. Kc6 Kf5 (74... Ke7 75. c4 (75. Kc7 Rc1 $1 $10) 75... Kd8 76. c5) 75. Kc7
Kxf4 76. b8=Q Rxb8 77. Kxb8 Ke4 $10) 71... h1=Q 72. Qxh1 Rxh1 73. b6 Rb1 74.
Kc6 Kf5 75. c5 Ke4 $1 (75... Kxf4 $2 76. Kb7 $1 $18) 76. f5 (76. Kb7 Kd5 77. c6
Kc5 78. c7 Rxb6+ 79. Ka7 Rc6 80. Kb7 Rxc7+ 81. Kxc7 Kd5 $10) 76... Kxf5 77. Kb7
Ke6 78. c6 Rc1 79. Kc7 (79. Kc7 Kd5 80. b7 Rxc6+ $10) 1/2-1/2

[Event "Linares 10th"]
[Site "Linares"]
[Date "1992.??.??"]
[Round "6"]
[White "Gelfand, Boris"]
[Black "Bareev, Evgeny"]
[Result "1-0"]
[WhiteElo "2665"]
[BlackElo "2635"]
[Annotator "Anand,V"]
[PlyCount "115"]
[EventDate "1992.02.??"]
[EventType "tourn"]
[EventRounds "13"]
[EventCountry "ESP"]
[EventCategory "17"]
[SourceTitle "CBM 028"]
[Source "ChessBase"]
[SourceDate "1992.06.01"]
[SourceVersion "1"]
[SourceVersionDate "1992.06.01"]
[SourceQuality "1"]

1. e4 e6 2. d4 d5 3. Nc3 Nf6 4. Bg5 dxe4 5. Nxe4 Be7 6. Bxf6 Bxf6 7. Nf3 O-O 8.
Qd2 Be7 {An idea of Bareev to cope with the problems of 8...b6 9.Nf6+ Qf6 10.
Bd3 Bb7 11.Ng5!} 9. Bd3 b6 (9... Nd7 10. O-O-O b6) 10. Neg5 $1 {Gelfand plays
very forcefully here} h6 (10... Bxg5 11. Nxg5 h6 12. Bh7+ Kh8 13. Be4) 11. Bh7+
Kh8 12. Be4 Bxg5 $8 (12... c6 13. h4 $16 {/\Ne5->}) 13. Nxg5 c6 14. Nf3 Bb7 15.
Ne5 $1 (15. O-O-O Nd7 $10) 15... Qc7 16. Qf4 {White must keep hindering
black's development} Kg8 17. Qg3 $1 Nd7 (17... Rc8 18. O-O-O (18. Qf3 f5 19.
Bd3 c5 $132) 18... Nd7 19. Nc4 $16) 18. Nxc6 Qxg3 19. hxg3 Kh8 20. O-O-O Rfc8
21. d5 Nf6 (21... exd5 22. Ne7 (22. Bxd5 Rxc6 $1) 22... dxe4 23. Rxd7 $16) 22.
Bf3 exd5 23. Ne7 $1 (23. Nd4 $16) 23... Rc5 24. Nf5 Ne4 (24... Kg8 25. Nd6 Bc6
26. b4 $18) (24... Rd8 $16) 25. Bxe4 dxe4 26. Nd6 Bc6 27. b4 (27. Nxf7+ Kg8 28.
Nd6 Rf8 $132) 27... Rd5 28. b5 $1 Rxb5 $8 (28... Rxd1+ 29. Rxd1 $18) 29. Nxb5
Bxb5 30. Rhe1 Re8 31. Rd4 Bc6 32. Rd6 Bb5 33. Rd4 Bc6 34. Re3 Re5 35. Rc3 Bd5
36. Ra3 a5 37. c4 Be6 38. Kd2 Rf5 (38... Rc5 39. Rc3 $16) 39. f3 exf3 40. gxf3
Rh5 $2 (40... Rc5 41. Rc3 $16) 41. Rb3 Rh2+ 42. Kc3 Rxa2 43. Rxb6 $18 Ra3+ 44.
Rb3 Ra1 45. Kb2 Ra4 46. Rc3 Kh7 47. Re4 Rb4+ 48. Ka3 Kg6 49. Rxe6+ $1 fxe6 50.
c5 Kf6 51. c6 Rb8 52. c7 Rc8 53. Ka4 Ke5 54. Kxa5 Kd4 (54... Kd6 55. Kb6 $18)
55. Rc6 Ke3 56. f4 Kf2 57. Rc3 g5 58. Kb6 (58. Kb6 gxf4 59. gxf4 h5 60. Kb7
Rxc7+ 61. Kxc7 h4 62. Kd6 $18) 1-0

[Event "Linares 12th"]
[Site "Linares"]
[Date "1994.??.??"]
[Round "11"]
[White "Topalov, Veselin"]
[Black "Bareev, Evgeny"]
[Result "0-1"]
[WhiteElo "2640"]
[BlackElo "2685"]
[Annotator "Anand,V"]
[PlyCount "46"]
[EventDate "1994.02.??"]
[EventType "tourn"]
[EventRounds "13"]
[EventCountry "ESP"]
[EventCategory "18"]
[SourceTitle "CBM 040"]
[Source "ChessBase"]
[SourceDate "1994.06.01"]
[SourceVersion "1"]
[SourceVersionDate "1994.06.01"]
[SourceQuality "1"]

1. e4 {Bareev Ftacnik Knaak} e6 2. d4 d5 3. Nc3 Nf6 4. Bg5 dxe4 5. Nxe4 Be7 6.
Bxf6 Bxf6 7. c3 Nd7 8. Qc2 (8. f4 $5 Be7 9. Nf3 c5) (8. Nf3 O-O 9. Qc2 e5 {
This has been played a few times}) 8... e5 $1 (8... O-O {Ftacnik} 9. f4 $5) 9.
dxe5 (9. O-O-O $1 {Bareev}) 9... Nxe5 $10 10. f4 $6 {White is not developed
enough for this sort of thing} (10. Bb5+ {Knaak} c6 11. Rd1 Qe7 12. Nd6+ Kf8
13. Be2 Be6 $15) (10. Be2 $15 {Knaak}) 10... Ng6 11. g3 O-O 12. Bd3 (12. Bg2
Re8 13. Ne2 Bf5 14. O-O Qe7) 12... Qd5 $1 {White was threatening 0-0-0 with a
slight edge} 13. a3 $2 (13. O-O-O {Knaak} Qxa2 14. Nxf6+ gxf6 15. Ne2 $17 (15.
Nf3 $15 {Ftacnik})) (13. Nf3 {Knaak} Bg4 14. O-O Be7 $15) (13. Nxf6+ $2 {
Ftacnik} gxf6 14. O-O-O Qxh1 15. Be4 Bf5 $1) (13. Ne2 {Ftacnik} Be7 14. a3 (14.
O-O {Bareev} Bh3 $15) 14... Bg4 (14... Rd8 {Bareev} 15. O-O-O Bg4 (15... Qa2 $2
16. c4 $1) 16. h3 Bf3 17. Rh2 c6 $10) 15. h3 (15. O-O-O Rad8 16. h3 Bc8 17.
Nf6+ (17. h4 {Bareev} Rfe8 $15) 17... Bxf6 18. Bxg6 Qc5 $13) 15... Bf3 16. Rh2
Rad8 17. O-O-O c6 18. Rf2 Bxe4 19. Bxe4 Qxd1+ 20. Qxd1 Rxd1+ 21. Kxd1 $10)
13... Nxf4 $1 $19 14. Nxf6+ (14. gxf4 Bh4+ 15. Kf1 (15. Kd2 {Knaak} Rd8 $19) (
15. Ke2 Bg4+ 16. Nf3 f5 $19) 15... f5 {Ftacnik} 16. Nf3 (16. Qe2 Kh8 $17) (16.
Nd2 Qxh1 17. Ndf3 Be7 $19) 16... fxe4 17. Bxe4 Bh3+ 18. Kg1 Qc5+ 19. Nd4 Rxf4
$19) 14... gxf6 15. Bxh7+ Kg7 16. Qe4 (16. Be4 {Knaak} Re8 $19) 16... Re8 $1 (
16... Nd3+ {Knaak} 17. Kf1 (17. Ke2 Qxe4+ 18. Bxe4 Nxb2 19. Bc2 Bd7 20. Nf3 Na4
$19) 17... Be6 $17 (17... Qxe4 {Ftacnik} 18. Bxe4 Nxb2 19. Nf3 (19. Ne2 {Bareev
} Re8 $17) 19... Re8 $16)) (16... Qxe4+ {Ftacnik} 17. Bxe4 Re8 18. gxf4 Rxe4+
19. Kf2 Rxf4+ $15) 17. Qxe8 Bf5 $3 {Like the romantic games of the last century
} 18. Qxa8 (18. Qe7 {Ftacnik} Nd3+ 19. Kf1 Bxh7 $19) (18. Qa4 {Ftacnik} Nd3+
19. Kf1 (19. Ke2 Qg2+) 19... Kxh7 $40 (19... Kxh7 {Bareev} 20. Qd1 Re8 $19))
18... Qe4+ 19. Kf2 (19. Kd2 Qg2+ $1 20. Ke3 $8 (20. Ke1 Nd3+ 21. Kd1 Bg4+ (
21... Bg4+ {Knaak} 22. Nf3 (22. Ne2 {Ftacnik} Qxe2#) 22... Bxf3#)) 20... Nd5+
21. Kd4 Qd2+) (19. Kd1 {Knaak} Qc2+ 20. Ke1 Nd3+ 21. Kf1 Qf2#) 19... Qg2+ 20.
Ke3 Nd5+ 21. Kd4 Qd2+ 22. Kc5 (22. Kc4 {Ftacnik} Nb6+ 23. Kb4 Qxb2+ 24. Ka5
Nc4+ 25. Ka4 b5#) 22... Qe3+ 23. Kc4 (23. Kxd5 Be6#) (23. Kb5 {Ftacnik} Qb6+
24. Kc4 Ne3#) 23... Nb6+ {and it's mate in three. This game won the brilliancy
prize in Linares} (23... Nb6+ {Knaak} 24. Kb3 (24. Kb5 {Ftacnik} c6+ 25. Kb4
Qe4+ 26. Kc5 Qe7+ 27. Kd4 c5#) 24... Qe6+ 25. Kb4 Qc4+ 26. Ka5 Qc5#) 0-1

[Event "Biel MTO op"]
[Site "Biel"]
[Date "2002.07.26"]
[Round "5"]
[White "Al Modiahki, Mohamad"]
[Black "Arizmendi Martinez, Julen Luis"]
[Result "1/2-1/2"]
[WhiteElo "2523"]
[BlackElo "2503"]
[Annotator "Arizmendi,J"]
[PlyCount "55"]
[EventDate "2002.07.22"]
[EventType "swiss"]
[EventRounds "11"]
[EventCountry "SUI"]
[SourceTitle "CBM 090"]
[Source "ChessBase"]
[SourceDate "2002.09.20"]
[SourceVersion "1"]
[SourceVersionDate "2002.09.20"]
[SourceQuality "1"]

1. e4 e6 2. d4 d5 3. Nc3 Nf6 4. Bg5 dxe4 5. Nxe4 Be7 6. Bxf6 Bxf6 7. Nf3 Nd7 {
This is Bareev´s solid move.} 8. Qd2 {Other options are} (8. Bc4) (8. Bd3 {
having in mind to place the queen on <e2>.}) 8... O-O 9. O-O-O Be7 10. Bd3 b6
11. h4 Bb7 12. c3 {This was first played by Topalov. The idea is to place the
queen on <c2> in some lines, pressuring over the diagonal <b1-h7> and making
the black queen feel unconfortable on the d file.} c5 $5 (12... Nf6 13. Neg5 c5
$6 (13... Bxf3 14. gxf3 $1 Kh8 15. Kb1 Qd6 16. Rdg1 {with a strong attack.
Topalov - Dreev, Linares 1995.}) 14. Qc2 $1 h6 $2 (14... g6 $16) 15. Bh7+ Kh8
16. Ne5 $18) 13. dxc5 Qc7 $1 (13... Nxc5 $2 14. Nxc5 bxc5 15. Qc2 $16 (15.
Bxh7+ $16)) 14. Neg5 Nf6 15. Qe2 (15. cxb6 axb6 16. Kb1 Ra5 $44 {And black
gets decent compensation thanks to his bishop pair, control of the <e5> square
(keeping the f3 knight away from such a strong attacking position) and the
open <a> file.}) 15... Qf4+ $1 {Making sure the f3 knight cannot go to <e5>
after black recaptures on <c5>.} 16. Kb1 Bxc5 17. g3 (17. Ne5 Qxf2) 17... Bxf3
(17... Qc7 $6 18. Rhe1 Rad8 19. Ne5 $40) (17... Qg4 $6 18. h5 $1 {And the
queen suddenly feels claustrophobic. 19.Rh4 is the threat.}) 18. Nxf3 Qc7 19.
Rhe1 Rad8 20. Ne5 Bd6 21. Nc4 h5 $5 {This is an interesting way to hold the
white pawns back until black gets his remaining forces into play.} 22. Nd2 Bc5
(22... g6) 23. Ne4 Nxe4 24. Qxe4 g6 25. g4 {White goes for broke making use of
the attacking power of the queen and bishop on the <b1-h7> diagonal.} Rd5 26.
Rg1 $6 (26. Bc2) (26. Bc4 Rxd1+ 27. Rxd1 Rd8 28. Bd3 Rd5) 26... Qe5 $1 27. Qf3
Rfd8 28. Kc2 {And here I accepted white´s draw offer, with both of us having
less that 3 minutes to reach move 40. A possible continuation could be} (28.
Kc2 hxg4 29. Qxg4 (29. Rxg4 Kg7) 29... Kf8 (29... Bxf2 30. Bxg6 Bxg1 31. Be4+
Qg7 32. Qxg7+ Kxg7 33. Rxg1+ Kh6 34. Bxd5 Rxd5 35. c4 Rd4 36. Kc3 Rxh4 37. b4
$44) 30. Qf3 Ke7 31. b4 $1 Bd6 32. Rg5 Qf4 33. Qxf4 Bxf4 34. Rxd5 Rxd5 35. Be2
$11) 1/2-1/2

[Event "Berkeley East Bay CC"]
[Site "Berkeley"]
[Date "2005.04.05"]
[Round "9"]
[White "Pruess, David"]
[Black "Atalik, Suat"]
[Result "0-1"]
[WhiteElo "2394"]
[BlackElo "2560"]
[Annotator "Atalik,S"]
[PlyCount "68"]
[EventDate "2005.03.29"]
[EventType "tourn"]
[EventRounds "10"]
[EventCountry "USA"]
[EventCategory "9"]
[SourceTitle "CBM 107"]
[Source "ChessBase"]
[SourceDate "2005.08.01"]
[SourceVersion "1"]
[SourceVersionDate "2005.08.01"]
[SourceQuality "1"]

1. e4 e6 2. d4 d5 3. Nc3 Nf6 4. Bg5 dxe4 5. Bxf6 $2 (5. Nxe4 $142) 5... gxf6 6.
Nxe4 f5 7. Ng3 {Another strange decision. White has to be prepared to play d5
after c5.} (7. Nc3 c5 (7... Bg7 8. Nf3 c5 (8... O-O 9. Qd2 c5 10. dxc5 Qa5 11.
Nb5 Qxd2+ 12. Nxd2 Na6 13. c3 Nxc5 14. Nb3 Nxb3 15. axb3 $11 {was played many
times.}) 9. dxc5 Bxc3+ 10. bxc3 Qxd1+ 11. Rxd1 Ke7 $44) 8. d5 Bg7 9. Bb5+ Kf8
$1 $17) 7... c5 8. Nf3 (8. Bb5+ Nc6 9. Bxc6+ bxc6 10. Nf3 cxd4 $17) 8... Nc6 9.
dxc5 ({I was thinking about} 9. Bd3 $6 Qa5+ (9... cxd4 10. O-O a6 (10... Bg7
11. Nh5 $44) 11. Qe2 Be7 12. Nh5 (12. Rad1 h5 $17) 12... Rg8) 10. c3 cxd4 11.
O-O dxc3 12. bxc3 Bg7 $17 {White should not have compensation for the pawns
but the idea deserves attention because of practical reasons.}) 9... Qxd1+ 10.
Rxd1 a6 $1 {A very important move.} (10... Bxc5 $6 11. Bb5 Bd7 12. Nh5 $1 $11)
11. Nh5 Bxc5 12. g3 Ke7 13. Bg2 $5 (13. Nf4 Bd6 14. Bg2 Bxf4 15. gxf4 Rg8 16.
O-O $1 Rg4 17. Ne5 Rxf4 $1 18. Nxc6+ bxc6 19. Bxc6 Rg4+ 20. Kh1 Ra7 21. c3 Rc7
22. Bg2 e5 $15) 13... e5 $2 {This has worked out very well if one looks at the
result however in reality it is a mistake!} (13... Bd7 14. Nf6 (14. O-O Rhd8)
14... Kxf6 15. Rxd7 Rhd8 16. Rxd8 (16. Rxb7 $2 Na5 17. Rc7 Bd6 18. Rc3 Bb4 $19)
16... Rxd8 17. Ke2 $11) 14. O-O $5 (14. Nh4 Rd8 15. O-O (15. Bh3 Rxd1+ 16. Kxd1
f4 17. Bxc8 Rxc8 18. gxf4 Rd8+ 19. Ke1 Nb4 20. fxe5 Nxc2+ 21. Ke2 Nd4+ $40) (
15. Rxd8 Kxd8 16. O-O (16. Bh3 Be7 17. Nxf5 Nd4 18. Nxd4 Bxh3 $36) 16... Be7
17. Re1 Rb8 $3 {This is found by my Fritz! It is a combination of profylaxis
with mysterious rook move. Computers can not distinguish Bonzo from Nimzo but
if Nimzowitsch would come across such a move he would have an immediate orgasm!
} 18. b3 Bb4 19. Rd1+ Ke7 20. f4 e4 21. Ng7 Kf6 22. Nh5+ Ke7 23. Bh3 Bc5+ 24.
Kf1 Nd4 25. c3 Nc2 26. Ke2 Ne3 27. Rd2 Be6 28. Ng7 Kf6 29. Nh5+ Ke7 $11) 15...
Be6 16. Bh3 Kf8 17. Bxf5 Bc4 18. Bd3 (18. Rfe1 $2 Rxd1 19. Rxd1 Be2 $19) 18...
Bxd3 19. cxd3 Nb4 20. Nf5 Nxd3 21. Rd2 Be7 22. f4 (22. Rfd1 $4 Nxb2 $19) 22...
exf4 23. Nxe7 Kxe7 24. Re2+ Kf8 25. Nxf4 Nxf4 26. Rxf4 Rd1+ 27. Kg2 Rad8 $11)
14... f6 15. Rfe1 $4 {Careless play!} (15. Nh4 $1 Rg8 16. Rfe1 Rg5 (16... Be6
17. Bd5 $1 $16) 17. Nf4 Kf8 18. Nd5 Kf7 19. Kf1 Rb8 20. f4 Rh5 21. Bf3 Rh6 $14
{and black hangs on the game!}) 15... Kf7 $1 {After white's blunder black's
plan has worked. The funny thing is that I was seemingly in a dream world
during the game and thinking that I was winning all the time!} 16. Nh4 Ne7 $1
17. c3 a5 $19 {Rg8 is coming!} 18. Bd5+ $5 Nxd5 19. Rxd5 b6 20. Rc1 $5 {
In the true style of new computer generation!} (20. Red1 Be6 (20... f4 $5 21.
Rd6 Bxd6 22. Rxd6 Be6 23. Nf5 Rhd8 24. Rxb6 Rab8 25. Nh6+ Ke7 26. Rxb8 Rxb8 $19
) (20... Re8 21. Rd6 Bxd6 22. Rxd6 Be6 23. Nxf5 Red8 24. Rxb6 Rab8 25. Ra6 Rxb2
$19) 21. Rd7+ Bxd7 22. Rxd7+ Ke6 23. Rb7 Rhd8 24. Ng7+ Kd5 25. Ngxf5 Ke4 26.
Kf1 Rd2 27. f3+ Kd3 28. Rd7+ Kc2 $19) 20... Be6 21. Rdd1 Rhg8 (21... f4 22. b4
Be7 23. f3 Rhg8 $19) 22. b4 Be7 23. f4 e4 ({It is too early for} 23... Rg6 $2
24. fxe5 fxe5 25. Nf3 Rh6 26. Nxe5+ $16) 24. a3 Kf8 $1 {preparing to attack
the knight!} (24... Rg6 $5 25. Ng2 Rag8 26. g4 Rxg4 $19) 25. c4 ({I was
expecting one of these twin lines} 25. Rd4 Bf7 26. Nxf5 Bxh5 27. Rxe4 Bd8 $19)
(25. Re1 Bf7 26. Nxf5 Bxh5 27. Rxe4 Bd8 $19) 25... axb4 26. axb4 Bf7 27. Nxf6
Bxf6 28. Nxf5 Bg6 (28... Be6 29. Ne3 Be7 $19) 29. Nh6 $2 $138 {Making things
even easier by misplacing the knight.} (29. Ne3 Bh5 30. Rd6 (30. Rd5 Bf3 $19)
30... Rg6 31. c5 (31. f5 Bg5 $19) (31. Rd7 Ra3 32. Kf2 Rd3 $19) 31... Bb2 32.
Rc4 Rxd6 33. cxd6 Rd8 34. Rxe4 Rxd6 $19) 29... Rg7 30. Rd6 Bb2 31. Rcd1 (31.
Rb1 Ra1 32. Rxa1 Bxa1 33. Kf1 Rc7 34. Rxb6 Rxc4 $19) 31... e3 32. Re1 Re7 $5 {
Basically anything wins.} (32... Re8 33. f5 Bc3 34. fxg6 Bxe1 35. Rf6+ Ke7 $19)
{Equal to resignation.After this black simply queens.} 33. Kf1 $2 (33. Re2 Bc3
(33... Bc2 34. Ng4 Bc3 35. Nxe3 Bxb4 36. Rf6+ Kg7 37. Rxc2 Rxe3 38. Rc6 Bc5 $19
) 34. f5 Be8 35. f6 Rd7 $19) 33... Ra1 $1 34. f5 (34. Rxa1 e2+ 35. Ke1 Bxa1 $19
) 34... e2+ {Curtains!} 0-1